[Event "DEM U10/U10w 2013"]
[Site "Oberhof GER"]
[Date "2013.05.20"]
[Round "4"]
[White "Dobrikov, Marco"]
[Black "Keymer, Vincent"]
[Result "0-1"]
[Termination "normal"]
[Board "1"]
[WhiteElo "1528"]
[BlackElo "1861"]
[PlyCount "102"]
[WhiteFideId "12950378"]
[BlackFideId "12940690"]
[EventCountry "GER"]
[EventRounds "11"]
[EventType "swiss"]
[EventDate "2013.05.18"]

1. e4 c5 2. Nc3 e6 3. d3 a6 4. g3 b5 5. Bg2 Bb7 6. f4 Nf6 7. Nf3 b4 8. Ne2 d5
9. e5 Nfd7 10. c3 a5 11. d4 c4 12. O-O Be7 13. Bd2 Nc6 14. Qc2 g6 15. g4 h5 16.
h3 hxg4 17. hxg4 Qb6 18. f5 Ndxe5 19. Nxe5 Nxe5 20. fxe6 fxe6 21. Rf2 Nd3 22.
Rf3 e5 23. Be3 e4 24. Rh3 Kd7 25. Rxh8 Rxh8 26. Nc1 Qd6 27. Nxd3 exd3 28. Qf2
Qh2+ 29. Kf1 Rf8 30. Bf3 Qh3+ 31. Qg2 Rxf3+ 32. Bf2 Qxg2+ 33. Kxg2 Rf8 34. Rh1
a4 35. Be1 Bg5 36. Bg3 a3 37. Rb1 axb2 38. Rxb2 bxc3 39. Rxb7+ Kc6 40. Rc7+ Kb6
41. Rc5 Bf4 42. Rxd5 Bxg3 43. Kxg3 d2 44. a4 d1=Q 45. a5+ Kc7 46. Rc5+ Kd6 47.
Rxc4 c2 48. Rb4 Qe1+ 49. Kg2 Rf2+ 50. Kh3 Qh1+ 51. Kg3 Qh2# 0-1

[Event "DEM U10/U10w 2013"]
[Site "Oberhof GER"]
[Date "2013.05.20"]
[Round "4"]
[White "Niemann, Alexander"]
[Black "Kopylov, Daniel"]
[Result "1-0"]
[Termination "normal"]
[Board "2"]
[WhiteElo "1645"]
[BlackElo "1628"]
[PlyCount "51"]
[WhiteFideId "12939862"]
[BlackFideId "12921971"]
[EventCountry "GER"]
[EventRounds "11"]
[EventType "swiss"]
[EventDate "2013.05.18"]

1. e4 e6 2. d4 d5 3. Nd2 dxe4 4. Nxe4 Nd7 5. Nf3 Ngf6 6. Bd3 Nxe4 7. Bxe4 Nf6
8. Bd3 c5 9. dxc5 Bxc5 10. O-O O-O 11. Bg5 b6 12. Qe2 Be7 13. Bxf6 Bxf6 14. Qe4
g6 15. Qxa8 Bxb2 16. Rad1 Qc7 17. Qe4 Bb7 18. Qe3 Bd5 19. c4 Bxc4 20. Bxc4 Qxc4
21. Qh6 Bg7 22. Qd2 Bf6 23. Rc1 Qa4 24. Rc7 a5 25. Qc2 Kg7 26. Qxa4 1-0

[Event "DEM U10/U10w 2013"]
[Site "Oberhof GER"]
[Date "2013.05.20"]
[Round "4"]
[White "Svane, Frederik"]
[Black "Collin, Alexander"]
[Result "0-1"]
[Termination "normal"]
[Board "3"]
[WhiteElo "1715"]
[BlackElo "1451"]
[PlyCount "145"]
[WhiteFideId "12923044"]
[BlackFideId "12946745"]
[EventCountry "GER"]
[EventRounds "11"]
[EventType "swiss"]
[EventDate "2013.05.18"]

1. e4 e6 2. d4 d5 3. Nd2 c5 4. exd5 exd5 5. Ngf3 Nf6 6. Bb5+ Bd7 7. Bxd7+ Nbxd7
8. O-O Be7 9. Re1 O-O 10. dxc5 Bxc5 11. Nb3 Bb6 12. Bg5 Rc8 13. c3 Re8 14. Qd2
Qc7 15. Bf4 Qc4 16. Be3 Bxe3 17. Rxe3 Ne4 18. Qd4 Qxd4 19. Nbxd4 Ndf6 20. h3
Nd6 21. Rae1 Rxe3 22. Rxe3 Nfe4 23. Kf1 Kf8 24. Ke1 Re8 25. Re2 Re7 26. Kd1 Nc4
27. Kc2 a6 28. Ne1 Nc5 29. Rxe7 Kxe7 30. b3 Ne5 31. f3 Ne6 32. Ne2 Ng6 33. g3
Ne5 34. h4 g6 35. Kd2 Ng7 36. Ke3 Nf5+ 37. Kf2 h5 38. a4 b5 39. axb5 axb5 40.
Kg1 Kd6 41. Kh2 Kc5 42. Kh3 Ne3 43. Kh2 b4 44. Kg1 bxc3 45. f4 Nc6 46. Nd3+ Kd6
47. Nxc3 Nf5 48. Kf2 Na5 49. b4 Nc4 50. b5 Nd4 51. Nb4 Nb6 52. Nd3 f6 53. Ke3
Nb3 54. Kf3 Nc5 55. Nb4 Nb3 56. Nd3 Nd2+ 57. Ke2 Ne4 58. Nxe4+ dxe4 59. Nf2 f5
60. Nd1 Kc5 61. Ke3 Nd5+ 62. Ke2 Kxb5 63. Nb2 Kb4 64. Kd2 Nc3 65. Kc2 Ne2 66.
Kd2 Nxg3 67. Ke1 Kc3 68. Na4+ Kd3 69. Nc5+ Ke3 70. Ne6 Ne2 71. Nf8 Nxf4 72. Nd7
Ng2+ 73. Kf1 0-1

[Event "DEM U10/U10w 2013"]
[Site "Oberhof GER"]
[Date "2013.05.20"]
[Round "4"]
[White "Tong, Kevin"]
[Black "Stork, Oliver"]
[Result "1-0"]
[Termination "normal"]
[Board "4"]
[WhiteElo "1637"]
[BlackElo "1604"]
[PlyCount "45"]
[WhiteFideId "12913944"]
[BlackFideId "12955728"]
[EventCountry "GER"]
[EventRounds "11"]
[EventType "swiss"]
[EventDate "2013.05.18"]

1. e4 e5 2. Nf3 Nc6 3. d4 exd4 4. Nxd4 Bc5 5. Be3 Qf6 6. Nb5 Bxe3 7. fxe3 Qe5
8. Nd2 a6 9. Nf3 Qc5 10. Nxc7+ Kd8 11. Nxa8 Qxe3+ 12. Qe2 Qa7 13. Qf2 Qxa8 14.
O-O-O Nf6 15. e5 Ne8 16. Bc4 h6 17. Bxf7 Rf8 18. e6 Qb8 19. Qh4+ Ne7 20. Bxe8
Kxe8 21. exd7+ Bxd7 22. Qh5+ Kd8 23. Ne5 1-0

[Event "DEM U10/U10w 2013"]
[Site "Oberhof GER"]
[Date "2013.05.20"]
[Round "4"]
[White "Graf, Justus Felix"]
[Black "Dietz, Florian"]
[Result "1/2-1/2"]
[Termination "normal"]
[Board "5"]
[WhiteElo "1489"]
[BlackElo "1445"]
[PlyCount "105"]
[WhiteFideId "12929212"]
[BlackFideId "12939897"]
[EventCountry "GER"]
[EventRounds "11"]
[EventType "swiss"]
[EventDate "2013.05.18"]

1. e4 c5 2. Nf3 d6 3. d4 cxd4 4. Nxd4 Nf6 5. Nc3 g6 6. Be2 Bg7 7. O-O O-O 8.
Bg5 Nc6 9. Nb3 Be6 10. Kh1 Qd7 11. f4 Bg4 12. Rb1 Bxe2 13. Qxe2 Qg4 14. Qf2 Qe6
15. Rfe1 Ng4 16. Qf3 Nf6 17. Nd5 Rac8 18. c3 Rfe8 19. Rbd1 Qd7 20. Nc5 Nd4 21.
Nxd7 Nxf3 22. N7xf6+ exf6 23. gxf3 fxg5 24. fxg5 Kh8 25. Re3 h6 26. gxh6 Bxh6
27. Red3 Bg7 28. Nb4 Be5 29. Nc2 Kg7 30. h3 Rh8 31. Kg2 Rh5 32. Nd4 Rch8 33.
Rh1 Rg5+ 34. Kf2 Rh4 35. a4 a6 36. Ne2 Rgh5 37. Ng1 Bf4 38. Rd4 b5 39. axb5
axb5 40. Ne2 Be5 41. Rd5 Rg5 42. Ke3 Rgh5 43. b3 Kf8 44. f4 Rxh3+ 45. Rxh3
Rxh3+ 46. Kd2 Bg7 47. Rxd6 Rh2 48. e5 Bh6 49. Rd4 g5 50. fxg5 Bxg5+ 51. Kd3
Rh3+ 52. Kc2 Re3 53. Ng1 1/2-1/2

[Event "DEM U10/U10w 2013"]
[Site "Oberhof GER"]
[Date "2013.05.20"]
[Round "4"]
[White "Heckmann, Till"]
[Black "Wu, Luka"]
[Result "0-1"]
[Termination "normal"]
[Board "6"]
[WhiteElo "1517"]
[BlackElo "1217"]
[PlyCount "152"]
[WhiteFideId "12987093"]
[BlackFideId "12977420"]
[EventCountry "GER"]
[EventRounds "11"]
[EventType "swiss"]
[EventDate "2013.05.18"]

1. e4 c5 2. Nc3 Nc6 3. g3 g6 4. Bg2 Bg7 5. d3 Nf6 6. f4 d6 7. Nf3 Bg4 8. h3
Bxf3 9. Bxf3 Qd7 10. Bg2 Nd4 11. Be3 Qc7 12. O-O O-O 13. Qd2 e6 14. Ne2 Nxe2+
15. Qxe2 Nh5 16. Qf3 f5 17. c3 Qd7 18. Bf2 fxe4 19. Qxe4 d5 20. Qe2 Rac8 21.
Rfe1 Rfe8 22. Rad1 d4 23. c4 b5 24. Qc2 b4 25. b3 e5 26. Bd5+ Kh8 27. fxe5 Bxe5
28. Kg2 Qd6 29. Qe2 Nf6 30. Qf3 Rf8 31. g4 Nh5 32. Qe4 Nf4+ 33. Kf1 Nxh3 34.
Qxe5+ Qxe5 35. Rxe5 Rxf2+ 36. Ke1 Rcf8 37. Re2 Rxe2+ 38. Kxe2 Nf4+ 39. Ke1 Nxd5
40. cxd5 Rd8 41. Kf2 Rxd5 42. Re1 Rg5 43. Kg3 h5 44. Re8+ Kh7 45. Re7+ Kh6 46.
Rxa7 Rxg4+ 47. Kf3 Rg5 48. a4 bxa3 49. Rxa3 Re5 50. b4 cxb4 51. Rb3 Re3+ 52.
Kf4 g5+ 53. Kf5 h4 54. Kf6 Kh5 55. Kf5 h3 56. Rxb4 Rxd3 57. Rb2 Re3 58. Rb4 d3
59. Rb2 Re2 60. Rb3 Rf2+ 61. Ke4 h2 62. Rb1 d2 63. Rh1 g4 64. Ke3 g3 65. Ke4
Kh4 66. Ke3 Kh3 67. Ra1 g2 68. Ra3 g1=Q 69. Kd4+ Rf3+ 70. Re3 d1=Q+ 71. Kc4
Qa4+ 72. Kd5 Rxe3 73. Kc5 Re5+ 74. Kd6 Qgd4+ 75. Kc7 Re7+ 76. Kb8 Qd8# 0-1

[Event "DEM U10/U10w 2013"]
[Site "Oberhof GER"]
[Date "2013.05.20"]
[Round "4"]
[White "Hommel, Niclas"]
[Black "Wagner, Benjamin"]
[Result "1/2-1/2"]
[Termination "normal"]
[Board "7"]
[WhiteElo "1197"]
[BlackElo "1468"]
[PlyCount "70"]
[WhiteFideId "12974927"]
[BlackFideId "12957330"]
[EventCountry "GER"]
[EventRounds "11"]
[EventType "swiss"]
[EventDate "2013.05.18"]

1. e4 e5 2. Nf3 Nc6 3. Bb5 a6 4. Ba4 Nf6 5. d3 Bc5 6. Bxc6 dxc6 7. O-O Qe7 8.
Be3 O-O 9. Bxc5 Qxc5 10. Nbd2 Nh5 11. Nb3 Qe7 12. Nc1 Nf4 13. Ne2 Nxe2+ 14.
Qxe2 Bg4 15. Qe3 Qf6 16. Nd2 Rad8 17. Nb3 b6 18. Qg3 Bh5 19. f3 Qd6 20. Rad1 c5
21. Nd2 b5 22. Qe1 Qd4+ 23. Qf2 Qxb2 24. Qxc5 Qd4+ 25. Qxd4 exd4 26. Nb3 f6 27.
Rfe1 Rfe8 28. Kf2 Bf7 29. Ra1 Bxb3 30. axb3 Rd6 31. Re2 Kf7 32. Kg3 g5 33. f4
gxf4+ 34. Kxf4 Re5 35. Kf3 Rc6 1/2-1/2

[Event "DEM U10/U10w 2013"]
[Site "Oberhof GER"]
[Date "2013.05.20"]
[Round "4"]
[White "Tschammer, Kai"]
[Black "Röhr, Tobias"]
[Result "1-0"]
[Termination "normal"]
[Board "8"]
[WhiteElo "1605"]
[BlackElo "1389"]
[PlyCount "65"]
[WhiteFideId "12939099"]
[BlackFideId "12963089"]
[EventCountry "GER"]
[EventRounds "11"]
[EventType "swiss"]
[EventDate "2013.05.18"]

1. e4 e5 2. Nf3 Nc6 3. Bc4 Bc5 4. O-O d6 5. c3 Be6 6. Bxe6 fxe6 7. d4 exd4 8.
cxd4 Bb6 9. Nc3 Nf6 10. d5 exd5 11. exd5 Ne7 12. Qe2 Qd7 13. Ng5 O-O 14. Ne6
Rfe8 15. Qf3 Ba5 16. Nf4 Bxc3 17. bxc3 Rf8 18. c4 b5 19. cxb5 Qxb5 20. Ne6 Rfc8
21. Bh6 Qxd5 22. Qxd5 Nexd5 23. Bxg7 Kf7 24. Bxf6 Kxe6 25. Bb2 c5 26. f4 Kf5
27. Rad1 Ne3 28. Rxd6 Nxf1 29. Kxf1 c4 30. Bc1 Rab8 31. Kf2 c3 32. Kf3 c2 33.
g4# 1-0

[Event "DEM U10/U10w 2013"]
[Site "Oberhof GER"]
[Date "2013.05.20"]
[Round "4"]
[White "Brückner, Alexander"]
[Black "Suvorov, Luca"]
[Result "0-1"]
[Termination "normal"]
[Board "9"]
[WhiteElo "1334"]
[BlackElo "1551"]
[PlyCount "142"]
[WhiteFideId "12952613"]
[BlackFideId "12977071"]
[EventCountry "GER"]
[EventRounds "11"]
[EventType "swiss"]
[EventDate "2013.05.18"]

1. d4 Nf6 2. Nf3 g6 3. e3 Bg7 4. b3 d6 5. Be2 O-O 6. Bb2 Nbd7 7. Nbd2 b6 8. c4
Bb7 9. Qc2 c5 10. O-O Qc7 11. Rac1 e6 12. Nb1 Rfe8 13. Rfd1 a6 14. Nc3 Rad8 15.
Rd2 Nb8 16. Rcd1 Nc6 17. Ne4 Nxe4 18. Qxe4 Nxd4 19. Qg4 Nxe2+ 20. Rxe2 Bxb2 21.
Rxb2 Bxf3 22. Qxf3 b5 23. Rdb1 Rb8 24. h3 Rb6 25. Rc1 bxc4 26. Rxc4 d5 27. Rcc2
Reb8 28. Qe2 Qc6 29. f3 Rb5 30. Qd2 Qb6 31. Rc1 c4 32. g4 cxb3 33. g5 bxa2 34.
Rxa2 Qd6 35. f4 e5 36. Rac2 Rb1 37. Qd1 Rxc1 38. Qxc1 exf4 39. exf4 Qb6+ 40.
Kg2 Qe6 41. Rc3 Qe4+ 42. Kg3 Rb1 43. Qe3 Qxe3+ 44. Rxe3 Rb8 45. Kf3 Ra8 46. Ke2
a5 47. Ra3 a4 48. Kd3 Kg7 49. Kd4 Ra5 50. Kc3 f6 51. Kb4 Ra8 52. Kc5 h6 53. h4
hxg5 54. hxg5 Kf7 55. gxf6 Kxf6 56. Kxd5 Kf5 57. Kc6 Kxf4 58. Kb7 Re8 59. Rxa4+
Re4 60. Ra1 g5 61. Kc6 g4 62. Kd5 Re2 63. Rf1+ Kg3 64. Rg1+ Rg2 65. Rf1 Kh2 66.
Ke4 g3 67. Kf3 Ra2 68. Re1 g2 69. Re8 Ra3+ 70. Kf4 g1=Q 71. Rh8+ Rh3 0-1

[Event "DEM U10/U10w 2013"]
[Site "Oberhof GER"]
[Date "2013.05.20"]
[Round "4"]
[White "Bui, Julia"]
[Black "Gheng, Dominik"]
[Result "1-0"]
[Termination "normal"]
[Board "10"]
[WhiteElo "1260"]
[BlackElo "1635"]
[PlyCount "121"]
[WhiteFideId "12977055"]
[BlackFideId "12906778"]
[EventCountry "GER"]
[EventRounds "11"]
[EventType "swiss"]
[EventDate "2013.05.18"]

1. e4 c5 2. Nf3 d6 3. d4 cxd4 4. Nxd4 Nf6 5. f3 g6 6. c4 Bg7 7. Nc3 O-O 8. Be3
Nc6 9. Qd2 Bd7 10. Be2 a6 11. O-O Rc8 12. b3 Nh5 13. Rfd1 Nf4 14. Bf1 Nxd4 15.
Bxd4 Ne6 16. Bf2 b5 17. Rac1 Qa5 18. Nd5 Qxd2 19. Nxe7+ Kh8 20. Rxd2 Bh6 21.
Nxc8 Bxd2 22. Rd1 Rxc8 23. Rxd2 bxc4 24. Bxc4 Rc6 25. e5 d5 26. Rxd5 Bc8 27.
Bg3 Bb7 28. Rd7 Bc8 29. Rd1 Kg7 30. Bh4 g5 31. Bxe6 gxh4 32. Bxc8 Rxc8 33. Rd2
Rc1+ 34. Kf2 Ra1 35. g3 hxg3+ 36. hxg3 h6 37. f4 a5 38. Kf3 Kg6 39. g4 Rf1+ 40.
Rf2 Rxf2+ 41. Kxf2 Kg7 42. a3 Kf8 43. Ke3 Ke7 44. f5 Kd7 45. Kd4 Kc6 46. Kc4
Kb6 47. e6 fxe6 48. fxe6 Kc6 49. e7 Kd7 50. Kb5 Kxe7 51. Kxa5 Kd7 52. Kb6 Kc8
53. a4 Kb8 54. a5 Ka8 55. b4 Kb8 56. b5 Ka8 57. Kc7 Ka7 58. b6+ Ka8 59. b7+ Ka7
60. b8=Q+ Ka6 61. Qb6# 1-0

[Event "DEM U10/U10w 2013"]
[Site "Oberhof GER"]
[Date "2013.05.20"]
[Round "4"]
[White "Lieberwirth, Kasimir"]
[Black "Zyla, Lennert"]
[Result "1-0"]
[Termination "normal"]
[Board "11"]
[WhiteElo "1433"]
[BlackElo "1291"]
[PlyCount "97"]
[WhiteFideId "12988146"]
[BlackFideId "12981567"]
[EventCountry "GER"]
[EventRounds "11"]
[EventType "swiss"]
[EventDate "2013.05.18"]

1. e4 g6 2. d4 Bg7 3. Nf3 c6 4. c3 d5 5. e5 f6 6. Bf4 fxe5 7. Bxe5 Nf6 8. Bd3
O-O 9. O-O Bg4 10. Nbd2 Nbd7 11. Qc2 Nxe5 12. Nxe5 Bf5 13. Bxf5 gxf5 14. Qxf5
Ne4 15. Qe6+ Kh8 16. Nxe4 dxe4 17. Nf7+ Rxf7 18. Qxf7 Qf8 19. Qxf8+ Rxf8 20.
Rae1 e3 21. fxe3 Rxf1+ 22. Rxf1 Bf6 23. e4 Kg7 24. e5 Bg5 25. e6 h6 26. Rf7+
Kg6 27. Kf2 Bf6 28. Ke3 Bg5+ 29. Kd3 b5 30. b3 Bf6 31. c4 a6 32. d5 cxd5 33.
cxd5 Be5 34. Rxe7 Bxh2 35. Ra7 Kg5 36. e7 Kh4 37. e8=Q Bf4 38. Rg7 Bg5 39. Qe4+
Kg3 40. Qf3+ Kh2 41. Ke2 Kg1 42. g4 Bh4 43. Qe3+ Kh2 44. Kf1 b4 45. Qf4+ Bg3
46. Qf3 Kh3 47. Qg2+ Kh4 48. Qh1+ Bh2 49. Qxh2# 1-0

[Event "DEM U10/U10w 2013"]
[Site "Oberhof GER"]
[Date "2013.05.20"]
[Round "4"]
[White "Grund, Sebastian"]
[Black "Weishäutel, Moritz"]
[Result "0-1"]
[Termination "normal"]
[Board "12"]
[WhiteElo "1231"]
[BlackElo "1431"]
[PlyCount "74"]
[WhiteFideId "12988626"]
[BlackFideId "12967300"]
[EventCountry "GER"]
[EventRounds "11"]
[EventType "swiss"]
[EventDate "2013.05.18"]

1. c4 e5 2. g3 Nf6 3. Bg2 d5 4. cxd5 Nxd5 5. a3 Nc6 6. e3 Bc5 7. b4 Bb6 8. Bb2
Qd6 9. Nc3 Be6 10. Nge2 O-O-O 11. Rc1 Qe7 12. Na4 Bxe3 13. O-O Bh6 14. b5 Na5
15. Bxe5 Bg4 16. b6 axb6 17. Nxb6+ Nxb6 18. Rxc7+ Qxc7 19. Bxc7 Kxc7 20. Qc2+
Nc6 21. Nf4 Bxf4 22. gxf4 g6 23. Rc1 Rd6 24. Qc5 f6 25. a4 Re8 26. a5 Nd7 27.
Qa7 Re1+ 28. Rxe1 Nxa7 29. Rb1 Nc5 30. Rc1 b6 31. axb6+ Kxb6 32. Rb1+ Kc7 33.
Rc1 Kb6 34. Rb1+ Ka5 35. Ra1+ Na4 36. Be4 Rxd2 37. f3 Bh3 0-1

[Event "DEM U10/U10w 2013"]
[Site "Oberhof GER"]
[Date "2013.05.20"]
[Round "4"]
[White "Kukulina, Sonja"]
[Black "Merk, Daniel"]
[Result "1-0"]
[Termination "normal"]
[Board "13"]
[WhiteElo "1184"]
[BlackElo "1655"]
[PlyCount "47"]
[WhiteFideId "12977047"]
[BlackFideId "12938386"]
[EventCountry "GER"]
[EventRounds "11"]
[EventType "swiss"]
[EventDate "2013.05.18"]

1. e4 c6 2. d4 d5 3. Nc3 dxe4 4. Nxe4 Bf5 5. Ng3 Bg6 6. Nf3 Nd7 7. h4 h6 8. h5
Bh7 9. Bd3 Bxd3 10. Qxd3 e6 11. Be3 Ngf6 12. O-O-O Be7 13. Qb3 Qb6 14. Qd3 O-O
15. d5 Qa5 16. dxe6 Qxa2 17. exd7 Bb4 18. c3 Ba5 19. Qb1 Qe6 20. Qf5 Qe7 21.
Qxa5 Nxd7 22. Qf5 Rad8 23. Rd2 Nf6 24. Bc5 1-0

[Event "DEM U10/U10w 2013"]
[Site "Oberhof GER"]
[Date "2013.05.20"]
[Round "4"]
[White "Nguyen, Alex Dac-Vuong"]
[Black "Bünte, Kirsten"]
[Result "1-0"]
[Termination "normal"]
[Board "14"]
[WhiteElo "1401"]
[BlackElo "1182"]
[PlyCount "115"]
[WhiteFideId "12984388"]
[BlackFideId "16200535"]
[EventCountry "GER"]
[EventRounds "11"]
[EventType "swiss"]
[EventDate "2013.05.18"]

1. e4 e5 2. Nf3 Nf6 3. Nc3 Nc6 4. d4 exd4 5. Nxd4 Bc5 6. Nxc6 bxc6 7. Bc4 Nxe4
8. Nxe4 d5 9. Nxc5 dxc4 10. Qxd8+ Kxd8 11. O-O Ke7 12. Re1+ Be6 13. Nxe6 fxe6
14. Bf4 Rac8 15. Be5 Rhg8 16. Rad1 g6 17. Bd4 a6 18. Bc5+ Kf7 19. Rd7+ Kf6 20.
Bd4+ Kg5 21. Rxe6 Rgf8 22. Rxc6 Rfe8 23. Be3+ Kf5 24. Rd5+ Re5 25. g4+ Ke4 26.
Rxe5+ Kxe5 27. Rxc4 Rd8 28. f4+ Ke6 29. Rxc7 Rd1+ 30. Kg2 Kd6 31. Rxh7 Re1 32.
Kf2 Rd1 33. Rh8 Kd7 34. Bb6 Rd2+ 35. Kg3 Kc6 36. Rd8 Re2 37. Bd4 Rd2 38. Bf6
Re2 39. Be5 Re3+ 40. Kf2 Re4 41. c3 Rc4 42. b3 Re4 43. Rd1 a5 44. Kf3 Rxe5 45.
fxe5 g5 46. a4 Kc5 47. Rd4 Kc6 48. Ke4 Kc5 49. Rd5+ Kc6 50. Kd4 Kc7 51. Rd6 Kc8
52. Kd5 Kc7 53. Kc5 Kb7 54. e6 Kc7 55. e7 Kb7 56. e8=Q Kc7 57. Qe7+ Kc8 58.
Rd8# 1-0

[Event "DEM U10/U10w 2013"]
[Site "Oberhof GER"]
[Date "2013.05.20"]
[Round "4"]
[White "Suvorov, Alexander"]
[Black "Hinrichs, Paul"]
[Result "1-0"]
[Termination "normal"]
[Board "15"]
[WhiteElo "1397"]
[BlackElo "1177"]
[PlyCount "63"]
[WhiteFideId "12977063"]
[BlackFideId "12942545"]
[EventCountry "GER"]
[EventRounds "11"]
[EventType "swiss"]
[EventDate "2013.05.18"]

1. d4 d5 2. Nf3 Bg4 3. c4 c6 4. Nc3 e6 5. Bf4 Nf6 6. e3 Nbd7 7. cxd5 cxd5 8.
Be2 Bb4 9. Qb3 Qa5 10. O-O O-O 11. Bd3 Rac8 12. Rac1 Bxc3 13. Rxc3 Rxc3 14.
bxc3 b6 15. Bd6 Rc8 16. Bb4 Ne4 17. Bxa5 Bxf3 18. gxf3 Nd2 19. Qb5 Nxf1 20.
Qxd7 Ra8 21. Bxf1 bxa5 22. Qb7 Rd8 23. Qxa7 g6 24. Qxa5 Rc8 25. e4 dxe4 26.
fxe4 h5 27. c4 Kg7 28. c5 f5 29. d5 fxe4 30. d6 Rf8 31. d7 Rf4 32. d8=Q 1-0

[Event "DEM U10/U10w 2013"]
[Site "Oberhof GER"]
[Date "2013.05.20"]
[Round "4"]
[White "Schnabel, Luise"]
[Black "Mücka, Cedric"]
[Result "1-0"]
[Termination "normal"]
[Board "16"]
[WhiteElo "1417"]
[BlackElo "1380"]
[PlyCount "149"]
[WhiteFideId "12943347"]
[BlackFideId "16217640"]
[EventCountry "GER"]
[EventRounds "11"]
[EventType "swiss"]
[EventDate "2013.05.18"]

1. e4 c5 2. Nf3 d6 3. d4 cxd4 4. Qxd4 Nc6 5. Bb5 Bd7 6. Bxc6 Bxc6 7. Nc3 Nf6 8.
Bg5 g6 9. Bxf6 exf6 10. O-O-O Qd7 11. Qxf6 Bh6+ 12. Kb1 O-O 13. Qxd6 Qg4 14.
Qg3 Qe6 15. Rhe1 Bg7 16. Nd2 Rad8 17. f3 Bh6 18. Nb3 Qf6 19. e5 Qf5 20. Nd4 Qc8
21. e6 Rfe8 22. exf7+ Kxf7 23. Nxc6 Qxc6 24. Qh4 Rxd1+ 25. Rxd1 Kg7 26. Qd4+
Kg8 27. Qd5+ Qxd5 28. Nxd5 Kf7 29. a3 Rd8 30. Nc3 Rxd1+ 31. Nxd1 Ke6 32. Ka2
Bf4 33. h3 Bg3 34. Kb3 Kd6 35. Nc3 Kc6 36. Kc4 a6 37. Ne4 Be5 38. b4 b5+ 39.
Kb3 Kb6 40. c4 a5 41. bxa5+ Kxa5 42. cxb5 Kxb5 43. a4+ Ka5 44. g4 h6 45. h4 Bf4
46. h5 g5 47. Nf6 Bd6 48. Kc4 Kxa4 49. Kd5 Bf8 50. Ke4 Kb5 51. Kf5 Kc6 52. Kg6
Kd6 53. Ng8 Ke5 54. Nxh6 Kf4 55. Nf7 Kxf3 56. Kxg5 Ke4 57. h6 Bxh6+ 58. Kxh6
Kd5 59. g5 Ke6 60. g6 Ke7 61. g7 Kxf7 62. Kh7 Ke6 63. g8=Q+ Ke5 64. Qg4 Kd5 65.
Qe2 Kd4 66. Kg6 Kd5 67. Kf6 Kd4 68. Kf5 Kd5 69. Qd2+ Kc4 70. Ke5 Kc5 71. Qc2+
Kb5 72. Kd6 Kb4 73. Kd5 Ka3 74. Qb1 Ka4 75. Kc4 1-0

[Event "DEM U10/U10w 2013"]
[Site "Oberhof GER"]
[Date "2013.05.20"]
[Round "4"]
[White "Zimmer, Raphael"]
[Black "Breitzmann, Sander"]
[Result "0-1"]
[Termination "normal"]
[Board "17"]
[WhiteElo "1369"]
[BlackElo "1168"]
[PlyCount "150"]
[WhiteFideId "12978841"]
[BlackFideId "12987085"]
[EventCountry "GER"]
[EventRounds "11"]
[EventType "swiss"]
[EventDate "2013.05.18"]

1. e4 e5 2. Nf3 Nc6 3. Bc4 Bc5 4. c3 Nf6 5. d4 exd4 6. cxd4 Bb4+ 7. Bd2 Bxd2+
8. Nbxd2 d5 9. exd5 Nxd5 10. Qb3 Nce7 11. O-O O-O 12. Rfe1 Be6 13. Qxb7 Qb8 14.
Bxd5 Nxd5 15. Qxb8 Raxb8 16. b3 Nf4 17. g3 Nd3 18. Re3 Nb4 19. Rc3 Nd5 20. Rc6
Rb6 21. Rxb6 axb6 22. Ng5 Bf5 23. a4 f6 24. Ngf3 Ra8 25. h4 Nc3 26. Rc1 Ne2+
27. Kg2 Nxc1 28. d5 Rd8 29. b4 Rxd5 30. Nf1 Be4 31. Ne3 Bxf3+ 32. Kxf3 Rd4 33.
Nc2 Rc4 34. Ne3 Rxb4 35. Nd5 Rxa4 36. Nxc7 Kf7 37. Ke3 Ra5 38. Kd4 Ke7 39. Nd5+
Kd6 40. Nxb6 Kc6 41. Nc4 Rd5+ 42. Ke4 Kc5 43. Ne3 Re5+ 44. Kf4 Ne2+ 45. Kf3
Nd4+ 46. Kf4 Ne6+ 47. Kg4 h5+ 48. Kf3 Nc7 49. Nd1 Kd4 50. Ne3 Kd3 51. Ng2 Rf5+
52. Nf4+ Kd2 53. Ke4 Re5+ 54. Kf3 Nd5 55. Ng6 Re1 56. g4 hxg4+ 57. Kxg4 Rg1+
58. Kf5 Ke2 59. f4 Ne3+ 60. Ke6 Rxg6 61. f5 Rh6 62. Kf7 Nxf5 63. Ke6 Nxh4 64.
Kd5 Rh5+ 65. Ke4 Rf5 66. Kd4 g5 67. Ke4 g4 68. Kd4 g3 69. Ke4 g2 70. Kd4 g1=Q+
71. Kc4 Rc5+ 72. Kb4 Qd4+ 73. Kb3 Rc3+ 74. Ka2 Qb4 75. Ka1 Ra3# 0-1

[Event "DEM U10/U10w 2013"]
[Site "Oberhof GER"]
[Date "2013.05.20"]
[Round "4"]
[White "Wu, Leon"]
[Black "Schumacher, Simon"]
[Result "1-0"]
[Termination "normal"]
[Board "18"]
[WhiteElo "1345"]
[BlackElo "1156"]
[PlyCount "91"]
[WhiteFideId "12977438"]
[EventCountry "GER"]
[EventRounds "11"]
[EventType "swiss"]
[EventDate "2013.05.18"]

1. e4 d5 2. exd5 Qxd5 3. Nc3 Qa5 4. d4 c6 5. Bc4 Bf5 6. Nf3 Nf6 7. Bd2 Qc7 8.
Qe2 e6 9. O-O-O Bd6 10. Nh4 Bg6 11. Kb1 Nbd7 12. Nxg6 hxg6 13. h3 O-O-O 14.
Rhe1 Qb6 15. f3 Rh4 16. Be3 Ba3 17. Bb3 Bd6 18. d5 Qc7 19. dxe6 fxe6 20. Bxe6
a6 21. Rd2 Kb8 22. Red1 Bb4 23. Qf2 Rh5 24. Bb6 Nxb6 25. Rxd8+ Ka7 26. Rc8 Qe5
27. Na4 Bc5 28. Nxc5 Qxc5 29. Qxc5 Rxc5 30. Rc7 Re5 31. Bb3 Ne8 32. Rf7 Re3 33.
c3 c5 34. g4 Re2 35. Bc2 Nc4 36. Bd3 Rxb2+ 37. Kc1 Ne3 38. Re1 Ng2 39. Rxe8
Rxa2 40. Be4 Kb6 41. Rxb7+ Ka5 42. Re6 Ra1+ 43. Kb2 Rd1 44. Kc2 Rg1 45. Kd2 g5
46. Bd3 1-0

[Event "DEM U10/U10w 2013"]
[Site "Oberhof GER"]
[Date "2013.05.20"]
[Round "4"]
[White "Brunkardt, Elena"]
[Black "Henning, Marvin"]
[Result "0-1"]
[Termination "normal"]
[Board "19"]
[WhiteElo "1010"]
[BlackElo "1342"]
[PlyCount "114"]
[WhiteFideId "16208838"]
[BlackFideId "12957399"]
[EventCountry "GER"]
[EventRounds "11"]
[EventType "swiss"]
[EventDate "2013.05.18"]

1. e4 e5 2. Nf3 Nc6 3. Nc3 Nf6 4. d3 Bc5 5. Be3 Bb6 6. Be2 d6 7. O-O h6 8. d4
Bg4 9. d5 Ne7 10. h3 Bxf3 11. Bxf3 Bxe3 12. fxe3 c6 13. Qd3 cxd5 14. exd5 Qb6
15. Rab1 Ng6 16. Kh1 a6 17. Ne4 Nd7 18. Bh5 O-O 19. Rf3 Ne7 20. b3 f5 21. Ng3
e4 22. Qe2 exf3 23. Qxf3 Ne5 24. Qf2 Nxd5 25. Nxf5 Nxe3 26. Ne7+ Kh8 27. Qg3
Nf5 28. Ng6+ Nxg6 29. Qxg6 Qf2 30. Rg1 Ng3+ 31. Kh2 Nxh5 32. Qxh5 Qf5 33. Qd1
Rac8 34. Qxd6 Qf4+ 35. Qxf4 Rxf4 36. c4 b5 37. cxb5 axb5 38. g4 Rc2+ 39. Rg2
Rff2 40. Rxf2 Rxf2+ 41. Kg3 Rxa2 42. Kf4 Ra3 43. g5 hxg5+ 44. Kxg5 Rxb3 45. h4
b4 46. h5 Rh3 47. Kg4 Rh1 48. Kg5 b3 49. Kg4 b2 50. Kg5 b1=Q 51. Kg4 Qd1+ 52.
Kf5 Qxh5+ 53. Ke4 Rg1 54. Ke3 Rg4 55. Kf3 Qh3+ 56. Kf2 Rg2+ 57. Ke1 Qh1# 0-1

[Event "DEM U10/U10w 2013"]
[Site "Oberhof GER"]
[Date "2013.05.20"]
[Round "4"]
[White "Stirnberg, Noah"]
[Black "Kublanov, Elizabeth"]
[Result "1-0"]
[Termination "normal"]
[Board "21"]
[WhiteElo "1338"]
[BlackElo "1103"]
[PlyCount "53"]
[WhiteFideId "16207742"]
[BlackFideId "12944564"]
[EventCountry "GER"]
[EventRounds "11"]
[EventType "swiss"]
[EventDate "2013.05.18"]

1. d4 Nf6 2. Nf3 d5 3. Bf4 c5 4. e3 Nc6 5. c3 Qb6 6. Qb3 c4 7. Qc2 Bf5 8. Qc1
e6 9. Nbd2 Be7 10. Nh4 O-O 11. Nxf5 exf5 12. Qc2 Ne4 13. Bg3 Rfe8 14. Rb1 Nxd2
15. Qxd2 Bf6 16. Be2 Re7 17. Qc2 Rae8 18. Qxf5 Qa5 19. O-O Re6 20. Bf3 Ne7 21.
Qc2 Qxa2 22. Ra1 Qb3 23. Qxb3 cxb3 24. Rxa7 Rb8 25. Bxb8 Nc6 26. Rxb7 Re8 27.
Bg3 1-0